| 000 | 00628nam a22002057a 4500 | ||
|---|---|---|---|
| 999 |
_c4542 _d4542 |
||
| 003 | AR-CdUCM | ||
| 008 | 190308b ||||| |||| 00| 0 spa d | ||
| 040 |
_aMUNICIPALIDAD PROVINCIAL DEL CUSCO _cBIBLIOTECA MUNICIPAL DEL CUSCO |
||
| 082 |
_a803 / _bF39 |
||
| 100 |
_aFerreras, Juan Ignacio _91829 |
||
| 245 |
_aLos orígenes de la novela decimonónica : _b1800-1830 / |
||
| 260 |
_aMadrid : _bTaurus, _c1973. |
||
| 300 |
_a334 páginas ; _c21 cm. |
||
| 500 | _aCon bibliografías e índices. | ||
| 650 |
_aNovela española _9192 |
||
| 650 |
_aHistoria _9136 |
||
| 650 |
_aCritica _9666 |
||
| 942 |
_2ddc _cLIBROS |
||
| 945 | _admma | ||